A catalogue of books, manuscripts, and other materials from the Upton Sinclair archives.

Bibliographic Details
Corporate Author: Lilly Library (Indiana University, Bloomington)
Other Authors: Sinclair, Upton, 1878-1968
Format: Book
Language:English
Published: Bloomington, [publisher not identified] ; [1963?]
Subjects:

MARC

Tag First Indicator Second Indicator Subfields
LEADER 00000cam a2200000 4500
001 in00000025399
005 20160607153039.0
008 730913s1963 inuh b 000 0 eng u
010 |a  64063559  
035 |a (OCoLC)00688851 
035 |9 AAD4857AM 
040 |c MSC  |d TXA  |d UtOrBLW 
049 |a TXAM  |c [407383] 
050 0 |a Z8819.5  |b .I6 
050 0 0 |a PS3537.I85  |b L5 
092 |a 813  |b S616Yi 
110 2 |a Lilly Library (Indiana University, Bloomington) 
245 1 2 |a A catalogue of books, manuscripts, and other materials from the Upton Sinclair archives. 
264 1 |a Bloomington,  |b [publisher not identified] ;  |c [1963?] 
300 |a 56 pages :  |b facsimiles ;  |c 28 cm. 
336 |a text  |b txt  |2 rdacontent 
337 |a unmediated  |b n  |2 rdamedia 
338 |a volume  |b nc  |2 rdacarrier 
600 1 0 |a Sinclair, Upton,  |d 1878-1968  |x Bibliography. 
700 1 |a Sinclair, Upton,  |d 1878-1968. 
999 |a MARS 
999 f f |s 139ca0bc-a703-3866-913a-03004dbf5818  |i 2b72b45e-20ad-35b9-99ae-7049f49aef44  |t 0 
952 f f |p ric  |a Texas A&M University  |b Rellis Campus  |c Joint Library Facility  |d Remote Storage  |t 0  |e Z8819.5 .I6  |h Library of Congress classification  |i unmediated -- volume  |m A14801250613 
998 f f |a Z8819.5 .I6  |t 0  |l Remote Storage